000 00336nam a2200133 i 4500
001 bg
100 1 _aWIATR, Jerzy J.
245 0 _aSpołeczeństwo :
_bwstęp do socjologi systematycznej /
_cJerzy J. Wiatr.
260 _aWarszawa,
_c1976.
040 _cBPK
041 _apol
942 _cKS
008 s pl f |000 0 pol
999 _c26920
_d26920
856 _uhttp://koha.tu.koszalin.pl/cgi-bin/koha/opac-detail.pl?biblionumber=26920
_yKatalog online BPK